Urban infrastructure financing in India: (Record no. 508055)

000 -LEADER
fixed length control field 00510nam a2200157 4500
008 - FIXED-LENGTH DATA ELEMENTS--GENERAL INFORMATION
fixed length control field 190306b ||||| |||| 00| 0 eng d
100 ## - MAIN ENTRY--PERSONAL NAME
Personal name Mishra, Alok Kumar
245 ## - TITLE STATEMENT
Title Urban infrastructure financing in India:
Remainder of title applying the benefit and earmarking principles of taxation
260 ## - PUBLICATION, DISTRIBUTION, ETC. (IMPRINT)
Date of publication, distribution, etc 2018
300 ## - PHYSICAL DESCRIPTION
Extent p.110-128.
650 ## - SUBJECT ADDED ENTRY--TOPICAL TERM
Topical term or geographic name as entry element Taxation
9 (RLIN) 3071
700 ## - ADDED ENTRY--PERSONAL NAME
Personal name Mohanty, Prasanna Kumar
9 (RLIN) 3072
773 ## - HOST ITEM ENTRY
Main entry heading Journal of Social and Economic Development
906 ## - LOCAL DATA ELEMENT F, LDF (RLIN)
Subject DIP Urban development
942 ## - ADDED ENTRY ELEMENTS (KOHA)
Source of classification or shelving scheme
Item type Articles

No items available.

Powered by Koha